Digital Logic Circuits and System (Record no. 313100)
[ view plain ]
| 000 -LEADER | |
|---|---|
| fixed length control field | 00215 a2200097 4500 |
| 001 - CONTROL NUMBER | |
| control field | 78027 |
| 082 ## - DEWEY DECIMAL CLASSIFICATION NUMBER | |
| Classification number | 621.38153 |
| Author Mark | HUS |
| 090 ## - LOCALLY ASSIGNED LC-TYPE CALL NUMBER (OCLC); LOCAL CALL NUMBER (RLIN) | |
| -- | 39352 |
| -- | 39352 |
| 100 ## - MAIN ENTRY--PERSONAL NAME | |
| Personal name | Husenrath |
| 245 ## - TITLE STATEMENT | |
| Title | Digital Logic Circuits and System |
| 942 ## - ADDED ENTRY ELEMENTS (KOHA) | |
| Institution code [OBSOLETE] | CAENUST |
| Call number prefix | 621.38153 |
| Withdrawn status | Lost status | Damaged status | Not for loan | Collection code | Permanent Location | Current Location | Date acquired | Total Checkouts | Full call number | Barcode | Date last seen | Price effective from | Koha item type |
|---|---|---|---|---|---|---|---|---|---|---|---|---|---|
| College of Aeronautical Engineering (CAE) | College of Aeronautical Engineering (CAE) | 04/03/2017 | 621.38153 | CAEG-3102 | 04/05/2017 | 04/05/2017 | Book |
